00646nam a2200241 a 4500001001300000003000900013005001700022008004100039020001000080082001300090100000700103245003800110260003900148300000900187500003500196505001000231650001300241700000700254902000800261942000700269952011300276999001500389nice12345678IN_TiNIC20260116011845.0050524s1970 boma grp 000 0 eng  ac10000a230bSSP a,  aTheologians Answer Your Question. aBombaybSt.Paul Publicationsc1970 a224p aincludes index and biblioraphy2 aindex aTheology1 a,  bSRS cBK 001040708StackRoom-aHMIbHMId2007-06-12g100.00l0o230 SSPp08636r2007-06-12v100.00w2005-05-24yBK c4486d4486